Statistics for Cannibal Corpse albums

Click here to take the quiz!

General Stats

  • This quiz has been taken 54 times
  • The average score is 10 of 14

Answer Stats

YearAlbum% Correct
1992Tomb of the Mutilated
90%
1990Eaten Back to Life
88%
1991Butchered at Birth
86%
1994The Bleeding
86%
1996Vile
83%
2006Kill
76%
2017Red Before Black
71%
1998Gallery of Suicide
69%
2009Evisceration Plague
67%
2012Torture
67%
2004The Wretched Spawn
60%
2014A Skeletal Domain
52%
1999Bloodthirst
52%
2002Gore Obsessed
50%

Score Distribution

Percentile by Number Answered

Percent of People with Each Score

Your Score History

You have not taken this quiz